|
|
|
|
| LEADER |
00000nab a2200000 a 4500 |
| 001 |
vtls008699714 |
| 003 |
SK-MaSNL |
| 005 |
20260426083631.0 |
| 008 |
250505c2006 xo mr|p|||||||000 b|slo |
| 015 |
|
|
|a SNBRB2006/05
|2 snkbucl
|
| 035 |
|
|
|a urn:nbn:sk:snk-ab85hn
|
| 035 |
|
|
|a (urnnbn)urn:nbn:sk:snk:ar-006fv0
|
| 035 |
|
|
|a (uuid)5f31b775-ac3f-42a5-baca-2788b50f1f53
|
| 038 |
|
|
|a SNKBUCL
|
| 040 |
|
|
|a SNKBUCL
|b slo
|c SNKBUCL
|e AACR2
|
| 041 |
0 |
|
|a slo
|
| 044 |
|
|
|a xo
|c SK
|
| 080 |
|
|
|a 378.096:72
|x (437.6)
|2 2001
|
| 100 |
1 |
|
|a Petránsky, Ľudovít,
|d 1943-2021
|4 aut
|9 92780
|
| 245 |
1 |
0 |
|a Dizajn na Fakulte architektúry STU má 15 rokov
|c Ľudo Petránsky
|
| 300 |
|
|
|b Fotogr.
|
| 610 |
2 |
7 |
|a Slovenská technická univerzita v Bratislave.
|b Fakulta architektúry
|2 snkbucl
|9 124533
|
| 651 |
|
7 |
|a Bratislava (Slovensko)
|2 snkbucl
|9 14568
|
| 773 |
0 |
|
|t Fórum architektúry
|g Roč. XVI, č. 4 (2006), s. 12-13
|x 1336-0264
|
| 850 |
|
|
|a Slovenská národná knižnica
|
| 852 |
|
|
|a Slovenská národná knižnica
|
| 954 |
|
|
|a odborná, vedecká literatúra pôvodná (slovenská)
|2 lita
|
| 958 |
|
|
|a article9
|
| 958 |
|
|
|a OND
|
| 958 |
|
|
|a SK
|
| 958 |
|
|
|a EUIPO
|
| 999 |
|
|
|c 2909986
|d 2911916
|